| Поле | Инд. | ПП | Название | Значение |
|---|---|---|---|---|
| Тип записи | a | |||
| Библиографический уровень | b | |||
| 001 | Контрольный номер | RU/IS/BASE/503758391 | ||
| 005 | Дата корректировки | 20240403144214.8 | ||
| 008 | Кодируемые данные | 20151218 | ||
| 040 | b | Код языка каталог. | rus | |
| e | Правила каталог. | PSBO | ||
| 041 | 0_ | a | Код языка текста | rus |
| 084 | a | Индекс другой классификации/Индекс ББК | 87.22; 87.3(4Эст)6 | |
| 100 | 1_ | a | Автор | Князева Е. Н. |
| q | Полное имя | Князева Елена Николаевна | ||
| 245 | 10 | a | Заглавие | Понятие "Umwelt" Якоба фон Икскюля и его значимость для современной эпистемологии |
| 504 | a | Библиография | Библиогр.: с. 43 - 44 | |
| 520 | 0_ | a | Аннотация | Введенное Якобом фон Икскюлем "Umwelt" как специфического окружающего мира, к которому приспособлен и который строит себе всякий биологический организм, находится в фокусе внимания данной статьи. Став одним из опорных пунктов биосемиотики, это понятие обнаруживает свою методологическую силу для развития современной неклассической эпистемологии. Согласно фон Икскюлю, Umwelt строится путем отбора значимого и ценного и вовлечения их в жизненный мир организма; окружающий мир - не просто мир вещей, а мир актов действия; познание, по сути тождественное жизни, представляет собой извлечение смыслов; разные живые организмы живут в разных когнитивных и жизненных мирах. В статье показывается, что понятие "Umwelt" несет в себе глубокие смыслы и может рассматриваться как предпоссылка для развития широкого экологического подхода и целого ряда эпистемологических представлений, таких как связь познающего организма и познаваемой им среды, познание через действие, активность и телесность восприятия, конструирование в ходе познания, энактивизм |
| 600 | a | Персоналии | Икскюль Якоб Иоганн | |
| a | Персоналии | Варела Франсиско | ||
| 650 | 14 | a | Основная рубрика | гносеология (эпистемология) |
| a | Основная рубрика | философия | ||
| a | Основная рубрика | философия науки | ||
| 653 | 1_ | a | Ключевые слова | XIX век |
| a | Ключевые слова | XX век | ||
| a | Ключевые слова | биология | ||
| a | Ключевые слова | биосемиотика | ||
| a | Ключевые слова | восприятие мира | ||
| a | Ключевые слова | когнитивные науки | ||
| a | Ключевые слова | конструктивизм | ||
| a | Ключевые слова | концепция umwelt | ||
| a | Ключевые слова | познание | ||
| a | Ключевые слова | порождение смыслов | ||
| a | Ключевые слова | семиотика | ||
| a | Ключевые слова | экология | ||
| a | Ключевые слова | энактивизм | ||
| a | Ключевые слова | Эстония | ||
| 773 | 08 | t | Заглавие источника | Вопросы философии |
| d | Дата издания источника | 2015 | ||
| g | Прочая информация | № 5. - С. 30 - 44 | ||
| w | Контрольный № источника | RU/IS/BASE/487094272 | ||
| 901 | t | Тип документа | b |